000 00600nam a2200265Ia 4500
005 20260306164535.0
008 008 260114s9999 xx 000 0 eng d
020 _a9780191779657
037 _aEBOOK
040 _aCRL
040 _beng
040 _cCRL
041 _2eng
041 _aeng
084 _qCRL
100 _aHerring
245 0 _aFamily Law: A Very Short Introduction
260 _bOxford University Press
260 _c2014
650 _aLaw
856 _uhttps://academic.oup.com/book/935
942 _cEBOOK
999 _c1714442
_d1714442